[Event "Montcalm 3 2018-19"]
[Site "Quebec CAN"]
[Date "2018.12.13"]
[Round "5"]
[White "Sarra-Bournet, Marc"]
[Black "Hines, Jason"]
[Result "1-0"]
[WhiteElo "1838"]
[BlackElo "1521"]
[PlyCount "105"]
[EventDate "2018.11.15"]
[EventType "swiss"]
[EventRounds "5"]
[EventCountry "CAN"]

1. e4 d6 2. d4 Nf6 3. Nc3 Nbd7 4. Nf3 e5 5. Bc4 h6 6. dxe5 dxe5 7. O-O c6 8.
Qe2 Be7 9. Rd1 Qc7 10. Be3 Nf8 11. h3 g5 12. Nh2 Ng6 13. Ng4 Nxg4 14. hxg4 Nf4
15. Qf3 f6 16. g3 Nh3+ 17. Kg2 h5 18. gxh5 g4 19. Qe2 Rxh5 20. Bb3 b5 21. Nxb5
cxb5 22. Qxb5+ Bd7 23. Rxd7 Qxd7 24. Bf7+ Kd8 25. Qxd7+ Kxd7 26. Bxh5 Rg8 27.
Bxa7 Rg5 28. Bxg4+ Rxg4 29. Kxh3 Rxe4 30. Be3 f5 31. a4 f4 32. gxf4 exf4 33.
Rd1+ Kc6 34. Rd4 fxe3 35. Rxe4 exf2 36. Kg2 Bc5 37. Rc4 Kb6 38. Rxc5 Kxc5 39.
a5 Kb5 40. b4 Ka6 41. c4 Kb7 42. b5 Ka7 43. c5 Kb7 44. Kxf2 Ka7 45. c6 Kb8 46.
b6 Kc8 47. a6 Kb8 48. c7+ Kc8 49. a7 Kb7 50. a8=Q+ Kxb6 51. c8=Q Kb5 52. Qcc6+
Kb4 53. Qaa4# 1-0

[Event "Montcalm 3 2018-19"]
[Site "Quebec CAN"]
[Date "2018.12.13"]
[Round "5"]
[White "Sauve, Richard"]
[Black "Cournoyer, Dominic"]
[Result "0-1"]
[WhiteElo "1804"]
[BlackElo "1922"]
[PlyCount "84"]
[EventDate "2018.11.15"]
[EventType "swiss"]
[EventRounds "5"]
[EventCountry "CAN"]

1. d4 Nf6 2. c4 g6 3. Nc3 Bg7 4. e4 d6 5. f3 O-O 6. Be3 Nbd7 7. Qd2 c5 8. d5
Ne8 9. h4 h5 10. O-O-O Ndf6 11. Nh3 a6 12. Kb1 Qa5 13. Nf2 b5 14. Rg1 bxc4 15.
g4 Rb8 16. Rc1 Qb4 17. Bg5 Rb7 18. Be2 a5 19. Ka1 a4 20. a3 Qb6 21. Bxc4 hxg4
22. fxg4 Nh7 23. Be3 Bd7 24. g5 Nc7 25. Ng4 Rfb8 26. Rc2 Bxg4 27. Rxg4 Qa5 28.
Nd1 Qb6 29. h5 gxh5 30. Rh4 Nb5 31. Bxb5 Qxb5 32. Nc3 Qf1+ 33. Qc1 Qc4 34. Nd1
Qd3 35. Qd2 Qxa3+ 36. Kb1 Qb3 37. Rxh5 a3 38. Rh2 axb2 39. Nxb2 Ra8 40. Qf2
Rba7 41. Kc1 Bxb2+ 42. Rxb2 Ra1+ 0-1

[Event "Montcalm 4 2017-18"]
[Site "Quebec CAN"]
[Date "2018.01.11"]
[Round "1"]
[White "Chouinard, Etienne"]
[Black "Hines, Jason"]
[Result "1-0"]
[WhiteElo "1906"]
[BlackElo "1442"]
[PlyCount "75"]
[EventDate "2018.01.11"]
[EventType "swiss"]
[EventRounds "5"]
[EventCountry "CAN"]

1. e4 e5 2. Nf3 Nc6 3. Nc3 a6 4. Bc4 Bc5 5. O-O Nf6 6. d3 d6 7. Bg5 h6 8. Bh4
g5 9. Bg3 g4 10. Nh4 Nh5 11. Kh1 Nxg3+ 12. fxg3 f6 13. Nd5 Rf8 14. Nf5 Bxf5 15.
Rxf5 Nb4 16. Qxg4 Nxd5 17. Qg6+ Kd7 18. Bxd5 Kc8 19. Raf1 Kb8 20. Rxf6 Rh8 21.
Qg7 Ka7 22. Rxh6 Re8 23. Rh7 Rc8 24. h4 Bb6 25. Qd7 Rf8 26. Rxf8 Qxf8 27. Qf7
Qd8 28. Qe7 Qf8 29. Qxf8 Rxf8 30. Bf7 Bf2 31. Kh2 Kb6 32. Kh3 c6 33. g4 Be3 34.
g5 Bf4 35. g6 d5 36. g7 Rxf7 37. g8=Q Rf6 38. Qd8+ 1-0

[Event "Montcalm 4 2017-18"]
[Site "Quebec CAN"]
[Date "2018.01.11"]
[Round "1"]
[White "Cummins, Paul"]
[Black "Cournoyer, Dominic"]
[Result "0-1"]
[WhiteElo "1736"]
[BlackElo "1962"]
[PlyCount "66"]
[EventDate "2018.01.11"]
[EventType "swiss"]
[EventRounds "5"]
[EventCountry "CAN"]

1. e4 d5 2. exd5 Qxd5 3. Nc3 Qa5 4. d4 Nf6 5. Bd2 Qb6 6. Nf3 Bg4 7. Bc4 e6 8.
Bb3 c6 9. Be3 Nd5 10. Nxd5 cxd5 11. Ba4+ Nc6 12. O-O Bd6 13. h3 Bh5 14. c4 Qc7
15. cxd5 exd5 16. Bb3 O-O-O 17. Rc1 Kb8 18. g4 Bg6 19. Ne5 Bxe5 20. dxe5 Qxe5
21. Qd2 Qe4 22. f3 Qd3 23. Qf2 Rhe8 24. Rfe1 Ka8 25. Rcd1 Qb5 26. Bd4 f6 27.
Be3 d4 28. Bd2 h5 29. g5 fxg5 30. Rxe8 Rxe8 31. Re1 Rxe1+ 32. Qxe1 Qe5 33. Qc1
Qg3+ 0-1

[Event "Montcalm 4 2017-18"]
[Site "Quebec CAN"]
[Date "2018.01.11"]
[Round "1"]
[White "Gaulin, Gaetan"]
[Black "Leblanc-Legault, Mathieu"]
[Result "1/2-1/2"]
[WhiteElo "1949"]
[BlackElo "1676"]
[PlyCount "133"]
[EventDate "2018.01.11"]
[EventType "swiss"]
[EventRounds "5"]
[EventCountry "CAN"]

1. Nf3 d5 2. g3 Nf6 3. Bg2 e6 4. d4 b5 5. O-O a5 6. Bf4 Bd6 7. Bxd6 Qxd6 8. a4
b4 9. Nbd2 Bb7 10. c4 O-O 11. c5 Qe7 12. Qc2 Nc6 13. e3 Nd7 14. e4 dxe4 15.
Nxe4 Nf6 16. Ned2 Rfd8 17. Nb3 Nd5 18. Rfe1 g6 19. h4 Qf6 20. Rad1 Nde7 21. Ne5
Nd5 22. Ng4 Qg7 23. Nh2 Nde7 24. Rd2 Nd5 25. Nf3 Qf6 26. Red1 Ba6 27. Re1 Bb7
28. Red1 Nce7 29. Ne5 Nc6 30. Nf3 h6 31. Qe4 Re8 32. Ne5 Qe7 33. Qc2 Nxe5 34.
dxe5 c6 35. Be4 h5 36. Nd4 Qf8 37. Nf3 Qg7 38. Kg2 Ba6 39. Bd3 Bxd3 40. Qxd3
Qf8 41. Qc4 Red8 42. Rd3 Qe7 43. Nd4 Qc7 44. Nf3 Qe7 45. R1d2 Qc7 46. Qe4 Rac8
47. Ng5 Qe7 48. Qc4 Qc7 49. Qe4 Qe7 50. Qc4 Qc7 51. Nf3 Ne7 52. Rxd8+ Rxd8 53.
Rxd8+ Qxd8 54. Qd4 Qd5 55. Qxd5 cxd5 56. Nd4 Kf8 57. Kf3 Ke8 58. Kf4 Kd7 59.
Ke3 Kc7 60. f4 Nc6 61. Nb5+ Kd7 62. b3 Ne7 63. Nd4 Nf5+ 64. Nxf5 gxf5 65. Kd3
Kc7 66. Ke3 Kd7 67. Kd3 1/2-1/2

[Event "Montcalm 4 2017-18"]
[Site "Quebec CAN"]
[Date "2018.01.11"]
[Round "1"]
[White "Lessard, Claude"]
[Black "Perreault, Jacquelin"]
[Result "1-0"]
[WhiteElo "2152"]
[BlackElo "1815"]
[PlyCount "83"]
[EventDate "2018.01.11"]
[EventType "swiss"]
[EventRounds "5"]
[EventCountry "CAN"]

1. e4 c5 2. b4 b6 3. bxc5 bxc5 4. Bc4 e6 5. e5 d6 6. exd6 Bxd6 7. Qf3 Qf6 8.
Nc3 Qxf3 9. Nxf3 Nc6 10. Ne4 Be7 11. O-O Nf6 12. Nxf6+ Bxf6 13. Rb1 O-O 14. Ba3
Be7 15. Rb2 Bd7 16. Rfb1 Rab8 17. d4 Rxb2 18. Rxb2 Rb8 19. Rxb8+ Nxb8 20. Bxc5
Bxc5 21. dxc5 Kf8 22. Ne5 Ke7 23. Kf1 f6 24. Nd3 Nc6 25. Ke2 e5 26. Kd2 Be6 27.
Bb3 g5 28. Kc3 e4 29. Nb4 Nxb4 30. Kxb4 f5 31. Kc3 Kf6 32. Kd4 Bd7 33. Bd5 Bb5
34. g4 fxg4 35. Bxe4 h5 36. c4 Ba6 37. Ba8 Ke7 38. c6 Kd6 39. Bb7 Bxb7 40. cxb7
Kc7 41. b8=Q+ Kxb8 42. Ke5 1-0

[Event "Montcalm 4 2017-18"]
[Site "Quebec CAN"]
[Date "2018.01.18"]
[Round "2"]
[White "Dube, Dominic"]
[Black "Lessard, Claude"]
[Result "0-1"]
[WhiteElo "1861"]
[BlackElo "2152"]
[PlyCount "57"]
[EventDate "2018.01.11"]
[EventType "swiss"]
[EventRounds "5"]
[EventCountry "CAN"]

1. e4 c5 2. Nf3 d6 3. d4 cxd4 4. Nxd4 Nf6 5. Nc3 a6 6. g3 e5 7. Nde2 Be6 8. Bg2
Be7 9. O-O O-O 10. b3 Qc7 11. Bb2 b5 12. Rc1 Nbd7 13. h3 Nc5 14. Nd5 Nxd5 15.
exd5 Bd7 16. c4 bxc4 17. bxc4 Qa5 18. Bxe5 dxe5 19. d6 Bf6 20. Bxa8 Rxa8 21.
Qd5 Re8 22. Kh2 Be6 23. Qf3 Bg5 24. Rc2 Qa4 25. Qc3 Bf6 26. Nc1 e4 27. Qd2 e3
28. Qe1 Bf5 29. Rd2 0-1

[Event "Montcalm 4 2017-18"]
[Site "Quebec CAN"]
[Date "2018.01.18"]
[Round "2"]
[White "Dumont, Eric"]
[Black "Chouinard, Etienne"]
[Result "1/2-1/2"]
[WhiteElo "1700"]
[BlackElo "1906"]
[PlyCount "64"]
[EventDate "2018.01.11"]
[EventType "swiss"]
[EventRounds "5"]
[EventCountry "CAN"]

1. d4 d5 2. Bf4 Nf6 3. e3 e6 4. Nd2 Nbd7 5. Ngf3 c5 6. c3 a6 7. a4 b6 8. Be2
Bb7 9. O-O Be7 10. h3 O-O 11. Ne5 Nxe5 12. Bxe5 Nd7 13. Bg3 Nf6 14. Bd3 cxd4
15. exd4 g6 16. Qe2 Nh5 17. Bh2 Bd6 18. f4 Qc7 19. g3 Ng7 20. g4 f5 21. Nf3
Bxf4 22. Ne5 Bxh2+ 23. Qxh2 Ne8 24. Rf4 Nd6 25. Raf1 Nf7 26. Nxf7 Rxf7 27. Qe2
Qd7 28. gxf5 gxf5 29. Kh2 Qd6 30. Kg3 Kf8 31. Qe3 Ke7 32. Kf2 Kd7 1/2-1/2

[Event "Montcalm 4 2017-18"]
[Site "Quebec CAN"]
[Date "2018.01.18"]
[Round "2"]
[White "Garcia Casillas, Carlos"]
[Black "Gaulin, Gaetan"]
[Result "1/2-1/2"]
[WhiteElo "1769"]
[BlackElo "1949"]
[PlyCount "57"]
[EventDate "2018.01.11"]
[EventType "swiss"]
[EventRounds "5"]
[EventCountry "CAN"]

1. e4 c6 2. d3 d5 3. Nd2 e5 4. Ngf3 Nd7 5. g3 Ngf6 6. Bg2 Bc5 7. O-O O-O 8. Nh4
Re8 9. Nf5 Nf8 10. Qf3 Ne6 11. Nb3 Bb6 12. h4 Nd4 13. Nbxd4 exd4 14. Bg5 Bxf5
15. Qxf5 dxe4 16. Bxe4 Qd7 17. Bxf6 Qxf5 18. Bxf5 gxf6 19. Rfe1 Re5 20. Bg4
Rae8 21. Kf1 Ba5 22. Re2 f5 23. Bf3 Kg7 24. b4 Bc7 25. a4 Rxe2 26. Bxe2 b6 27.
Bf3 c5 28. bxc5 bxc5 29. Rb1 1/2-1/2

[Event "Montcalm 4 2017-18"]
[Site "Quebec CAN"]
[Date "2018.01.18"]
[Round "2"]
[White "Le-Huu, Pascal"]
[Black "Cummins, Paul"]
[Result "0-1"]
[WhiteElo "1238"]
[BlackElo "1736"]
[PlyCount "39"]
[EventDate "2018.01.11"]
[EventType "swiss"]
[EventRounds "5"]
[EventCountry "CAN"]

1. d4 Nf6 2. Bf4 e6 3. Nf3 b6 4. e3 Bb7 5. Nbd2 Be7 6. Bd3 O-O 7. c3 c5 8. Qc2
Nc6 9. Ne4 Nxe4 10. Bxe4 f5 11. Bd3 Rc8 12. e4 cxd4 13. Nxd4 Nxd4 14. Qb1 fxe4
15. Bxe4 Bxe4 16. Qxe4 Nc2+ 17. Qxc2 Rxf4 18. O-O Qc7 19. Rae1 Rh4 20. Re3 0-1

[Event "Montcalm 4 2017-18"]
[Site "Quebec CAN"]
[Date "2018.01.18"]
[Round "2"]
[White "Leblanc-Legault, Mathieu"]
[Black "Auger, Bertrand"]
[Result "1-0"]
[WhiteElo "1707"]
[BlackElo "1944"]
[PlyCount "93"]
[EventDate "2018.01.11"]
[EventType "swiss"]
[EventRounds "5"]
[EventCountry "CAN"]

1. e4 e6 2. d4 d5 3. exd5 exd5 4. Bd3 Bd6 5. Ne2 Nf6 6. O-O O-O 7. Nbc3 c6 8.
Re1 Re8 9. Bf4 Bf8 10. h3 Na6 11. a3 Nc7 12. Ng3 Ne6 13. Be5 g6 14. Nge2 Nd7
15. Bg3 Bg7 16. Qd2 b5 17. a4 b4 18. Na2 a5 19. c3 Ba6 20. Bxa6 Rxa6 21. cxb4
Qb6 22. bxa5 Rxa5 23. Nac3 Qb4 24. Rac1 Rxa4 25. Bd6 c5 26. Qc2 Ra6 27. Nxd5
Qb7 28. Ne7+ Kh8 29. dxc5 Qxb2 30. Qc4 Qa2 31. Nf4 Qxc4 32. Rxc4 Bf6 33. Nxe6
fxe6 34. Rxe6 Bxe7 35. Rxe7 Rxe7 36. Bxe7 Kg8 37. f4 Kf7 38. Bd6 Rc6 39. Kf2
Ke6 40. Ke3 h5 41. g3 Nf6 42. Kd4 Nd5 43. Rc1 Nb6 44. Re1+ Kd7 45. Re7+ Kd8 46.
Rg7 Nc8 47. Rxg6 1-0

[Event "Montcalm 4 2017-18"]
[Site "Quebec CAN"]
[Date "2018.01.18"]
[Round "2"]
[White "Pare, Marc"]
[Black "Lapierre, Gaetan"]
[Result "1-0"]
[WhiteElo "2003"]
[BlackElo "1809"]
[PlyCount "123"]
[EventDate "2018.01.11"]
[EventType "swiss"]
[EventRounds "5"]
[EventCountry "CAN"]

1. e4 d5 2. exd5 Nf6 3. d4 Nxd5 4. c4 Nf6 5. Nc3 g6 6. Nf3 Bg7 7. Be2 O-O 8. h3
Nbd7 9. O-O c5 10. d5 a6 11. Be3 Qc7 12. Qd2 Ne8 13. Rfe1 Nd6 14. Bf4 Nf6 15.
Bd3 b6 16. Re2 Bb7 17. Rae1 Rfe8 18. b3 b5 19. cxb5 Bxd5 20. Nxd5 Nxd5 21. Bxd6
Qxd6 22. Be4 Nc3 23. Bxa8 Nxe2+ 24. Qxe2 Rxa8 25. bxa6 e6 26. Rd1 Qxa6 27. Rd8+
Bf8 28. Qxa6 Rxa6 29. a4 c4 30. bxc4 Rxa4 31. c5 Kg7 32. c6 Rc4 33. Ne5 Be7 34.
Nxc4 Bxd8 35. Nd6 Kf6 36. Nb5 Ke7 37. c7 Bxc7 38. Nxc7 e5 39. f3 f5 40. Kf2 Kd6
41. Nb5+ Kc5 42. Nc3 Kd4 43. Ne2+ Kd3 44. h4 Kd2 45. Ng3 h5 46. Ne2 Kd3 47. Ng3
Kd2 48. Nf1+ Kd3 49. g3 e4 50. fxe4 fxe4 51. Ne3 Kd2 52. Nd5 Kd3 53. Ke1 e3 54.
Nf4+ Ke4 55. Ke2 Kf5 56. Kxe3 g5 57. Ng2 gxh4 58. Nxh4+ Kg4 59. Kf2 Kg5 60. Kf3
Kh6 61. Kf4 Kg7 62. Kg5 1-0

[Event "Montcalm 4 2017-18"]
[Site "Quebec CAN"]
[Date "2018.01.18"]
[Round "2"]
[White "Perreault, Jacquelin"]
[Black "Chabot, Sebastien"]
[Result "1-0"]
[WhiteElo "1815"]
[BlackElo "1284"]
[PlyCount "81"]
[EventDate "2018.01.11"]
[EventType "swiss"]
[EventRounds "5"]
[EventCountry "CAN"]

1. e4 e5 2. Nf3 Nf6 3. d4 exd4 4. e5 Ne4 5. Qxd4 d5 6. exd6 Nxd6 7. Nc3 Nc6 8.
Qd1 Bg4 9. Be2 Qe7 10. O-O O-O-O 11. Ng5 Bf5 12. Re1 Qf6 13. Nd5 Qg6 14. Bh5
Bxc2 15. Bxg6 Bxd1 16. Bxf7 Bg4 17. Bf4 h6 18. Be6+ Bxe6 19. Nxe6 Rd7 20. Rad1
g5 21. Bg3 Rg8 22. Nf6 Rgg7 23. Nxd7 Rxd7 24. Nxf8 Rd8 25. Ne6 Rd7 26. Nc5 Rd8
27. Ne4 Na5 28. Nxd6+ Kb8 29. Re8 Rxe8 30. Nxe8 b6 31. Bxc7+ Kb7 32. b4 Nc4 33.
b5 Na3 34. Rd5 a5 35. g4 a4 36. h3 Nb1 37. Rd6 Nc3 38. Rxb6+ Kc8 39. Rb8+ Kd7
40. Rd8+ Ke7 41. b6 1-0

[Event "Montcalm 4 2017-18"]
[Site "Quebec CAN"]
[Date "2018.01.25"]
[Round "3"]
[White "Auger, Bertrand"]
[Black "Garcia Casillas, Carlos"]
[Result "1-0"]
[WhiteElo "1944"]
[BlackElo "1769"]
[PlyCount "75"]
[EventDate "2018.01.11"]
[EventType "swiss"]
[EventRounds "5"]
[EventCountry "CAN"]

1. Nf3 Nf6 2. g3 g6 3. b4 Bg7 4. Bb2 O-O 5. Bg2 d6 6. d3 Nbd7 7. Nbd2 c5 8.
bxc5 Nxc5 9. Rb1 Qa5 10. a3 Na4 11. Ba1 Rb8 12. O-O d5 13. Nb3 Qd8 14. Be5 Ra8
15. Qd2 Bd7 16. Nbd4 b6 17. Nb5 Bxb5 18. Rxb5 Qd7 19. Rfb1 Rac8 20. R5b4 e6 21.
Bd4 Nc5 22. c4 dxc4 23. Rxc4 Rfd8 24. Qb2 Na4 25. Rxa4 Qxa4 26. Bxf6 Rc2 27.
Qe5 Bxf6 28. Qxf6 Rd7 29. Ne5 Rdc7 30. Be4 Qxa3 31. Qd8+ Kg7 32. Qd4 f6 33. Nc4
Qc3 34. Qd6 Rf7 35. Qxe6 Rxe2 36. Nd6 Rc7 37. Ne8+ Kh6 38. Qh3+ 1-0

[Event "Montcalm 4 2017-18"]
[Site "Quebec CAN"]
[Date "2018.01.25"]
[Round "3"]
[White "Chouinard, Etienne"]
[Black "Pare, Marc"]
[Result "1/2-1/2"]
[WhiteElo "1906"]
[BlackElo "2003"]
[PlyCount "119"]
[EventDate "2018.01.11"]
[EventType "swiss"]
[EventRounds "5"]
[EventCountry "CAN"]

1. e4 d5 2. exd5 Nf6 3. d4 Nxd5 4. c4 Nb6 5. Nc3 g6 6. Be3 Bg7 7. c5 Nd5 8.
Nxd5 Qxd5 9. Qf3 Be6 10. b3 Nc6 11. Bb5 O-O-O 12. Bxc6 bxc6 13. O-O-O Qxf3 14.
Nxf3 Bg4 15. Rd2 Bxf3 16. gxf3 Rd5 17. f4 Rhd8 18. Rhd1 Kd7 19. Kc2 Ke6 20. b4
Kf5 21. Kd3 a5 22. a3 axb4 23. axb4 Bh6 24. Kc4 Bxf4 25. b5 cxb5+ 26. Kxb5 e5
27. Kc4 c6 28. Rd3 h5 29. Ra1 Bxh2 30. Ra6 exd4 31. Bd2 Ke4 32. Rxc6 Ra8 33.
Rh3 Ra2 34. Rh4+ Ke5 35. f4+ Kf5 36. Rxh2 Rd8 37. Rc7 f6 38. c6 Rc2+ 39. Kd3
Ra2 40. Rd7 Rc8 41. Kxd4 Rxc6 42. Rd5+ Kg4 43. Kd3 Rcc2 44. Ke3 Kg3 45. Rh1 Kg2
46. Rh4 Kg3 47. Be1+ Kg2 48. Bd2 Kg3 49. Rh1 Rxd2 50. Rxd2 Rxd2 51. Kxd2 Kxf4
52. Ke2 Kg5 53. Kf3 h4 54. Rh2 Kh5 55. Kf4 g5+ 56. Kf5 g4 57. Kf4 h3 58. Kg3 f5
59. Rf2 Kg5 60. Rf1 1/2-1/2

[Event "Montcalm 4 2017-18"]
[Site "Quebec CAN"]
[Date "2018.01.25"]
[Round "3"]
[White "Cummins, Paul"]
[Black "Dube, Daniel"]
[Result "1-0"]
[WhiteElo "1736"]
[BlackElo "1916"]
[PlyCount "101"]
[EventDate "2018.01.11"]
[EventType "swiss"]
[EventRounds "5"]
[EventCountry "CAN"]

1. e4 e5 2. Nf3 Nc6 3. Bc4 Nf6 4. d3 h6 5. c3 d6 6. h3 Be7 7. Be3 Be6 8. Bb5
O-O 9. Nbd2 Nh7 10. Nf1 Ng5 11. Nxg5 Bxg5 12. Qe2 f5 13. exf5 Bxf5 14. Ng3 d5
15. Nxf5 Rxf5 16. g4 Rf7 17. O-O-O a6 18. Ba4 b5 19. Bc2 b4 20. Ba4 Bxe3+ 21.
fxe3 Qd6 22. c4 Qc5 23. Kb1 dxc4 24. dxc4 Raf8 25. Rd5 Qb6 26. Bb3 Kh8 27. c5
Qb7 28. g5 Na5 29. Rhd1 Nxb3 30. axb3 Qc6 31. gxh6 Qxh6 32. Rxe5 Qg6+ 33. Ka2
Rf3 34. Qc4 Rxh3 35. Re4 a5 36. Rdd4 Rh6 37. Rh4 Kh7 38. Rxh6+ gxh6 39. Rd7+
Kh8 40. Rxc7 h5 41. Qd4+ Qf6 42. Qe4 Rf7 43. Qe8+ Kg7 44. Rxf7+ Qxf7 45. Qe5+
Kg6 46. c6 a4 47. Qe4+ Kg7 48. Qxb4 axb3+ 49. Qxb3 Qa7+ 50. Kb1 Qc5 51. Qc3+
1-0

[Event "Montcalm 4 2017-18"]
[Site "Quebec CAN"]
[Date "2018.01.25"]
[Round "3"]
[White "Dube, Dominic"]
[Black "Cournoyer, Dominic"]
[Result "0-1"]
[WhiteElo "1856"]
[BlackElo "1962"]
[PlyCount "68"]
[EventDate "2018.01.11"]
[EventType "swiss"]
[EventRounds "5"]
[EventCountry "CAN"]

1. Nf3 Nf6 2. d4 d5 3. e3 e6 4. c4 c6 5. Bd3 Bd6 6. c5 Bc7 7. O-O O-O 8. b4
Nbd7 9. Bb2 Ne4 10. Bxe4 dxe4 11. Nfd2 Qg5 12. Na3 Nf6 13. h3 e5 14. Kh1 Qh4
15. f3 exd4 16. fxe4 Bxh3 17. Nf3 Bxg2+ 18. Kxg2 Qg3+ 19. Kh1 Qh3+ 20. Kg1 Nxe4
21. Qc2 Ng3 22. Rfe1 dxe3 23. Rxe3 Rae8 24. Qc3 f6 25. Qc4+ Kh8 26. Rae1 Rxe3
27. Rxe3 Rd8 28. Qd3 h6 29. Nd4 Qh1+ 30. Kf2 Qh2+ 31. Kf3 Qxb2 32. Nac2 Qc1 33.
Qg6 Qf1+ 34. Kg4 h5+ 0-1

[Event "Montcalm 4 2017-18"]
[Site "Quebec CAN"]
[Date "2018.01.25"]
[Round "3"]
[White "Gaulin, Gaetan"]
[Black "Dumont, Eric"]
[Result "1-0"]
[WhiteElo "1949"]
[BlackElo "1700"]
[PlyCount "67"]
[EventDate "2018.01.11"]
[EventType "swiss"]
[EventRounds "5"]
[EventCountry "CAN"]

1. Nf3 d5 2. c4 c6 3. d4 Nf6 4. Nc3 e6 5. e3 Bd6 6. Bd3 dxc4 7. Bxc4 Nbd7 8.
O-O O-O 9. Qe2 Nb6 10. Bb3 Bc7 11. e4 h6 12. Rd1 Qe7 13. e5 Nfd7 14. Bf4 Rd8
15. Ne4 Nd5 16. Bg3 Qb4 17. Rac1 a5 18. Qc2 Nf8 19. a3 Qb6 20. h4 Ne7 21. Bh2
Nf5 22. Qc3 Bb8 23. g4 Nxd4 24. Rxd4 Rxd4 25. Nxd4 Ng6 26. Nf3 Ba7 27. Ba2 Qd8
28. Bg3 c5 29. Qc2 b6 30. Rd1 Qe7 31. Nd6 Bd7 32. Qe4 Rb8 33. h5 Ba4 34. b3 1-0

[Event "Montcalm 4 2017-18"]
[Site "Quebec CAN"]
[Date "2018.01.25"]
[Round "3"]
[White "Hines, Jason"]
[Black "Le-Huu, Pascal"]
[Result "1-0"]
[WhiteElo "1442"]
[BlackElo "1238"]
[PlyCount "119"]
[EventDate "2018.01.11"]
[EventType "swiss"]
[EventRounds "5"]
[EventCountry "CAN"]

1. e4 e5 2. Nf3 Nf6 3. c3 Be7 4. d4 exd4 5. e5 Ng4 6. h3 Nxf2 7. Kxf2 dxc3 8.
Nxc3 d6 9. Bf4 Nc6 10. exd6 cxd6 11. Nd5 O-O 12. Nxe7+ Nxe7 13. Qxd6 Be6 14.
Qxd8 Raxd8 15. Bc7 Rd7 16. Be5 Ng6 17. b3 Rc8 18. Be2 Rc2 19. Rhc1 Rdd2 20.
Rxc2 Rxc2 21. Rd1 f6 22. Bd4 Rxa2 23. b4 Nf4 24. Rd2 Rxd2 25. Nxd2 Nxe2 26.
Kxe2 Bd7 27. Bxa7 Bc6 28. g3 b5 29. Nf3 Bxf3+ 30. Kxf3 Kf7 31. Ke4 Ke6 32. Kd4
Kd6 33. Bc5+ Ke6 34. Bf8 Kf7 35. Bd6 Ke6 36. Kc5 f5 37. Bf4 h6 38. h4 Kf6 39.
Kxb5 g5 40. Kc6 gxf4 41. gxf4 Kg6 42. b5 Kh5 43. b6 Kxh4 44. b7 Kg4 45. b8=Q h5
46. Kd5 h4 47. Ke5 Kg3 48. Qg8+ Kh2 49. Kxf5 h3 50. Qg4 Kh1 51. Qxh3+ Kg1 52.
Ke4 Kf2 53. f5 Kg1 54. f6 Kf2 55. f7 Kg1 56. Qg3+ Kh1 57. Qe1+ Kg2 58. f8=Q Kh2
59. Qf4+ Kg2 60. Qfg3# 1-0

[Event "Montcalm 4 2017-18"]
[Site "Quebec CAN"]
[Date "2018.02.01"]
[Round "4"]
[White "Auger, Bertrand"]
[Black "Dumont, Eric"]
[Result "1-0"]
[WhiteElo "1944"]
[BlackElo "1700"]
[PlyCount "105"]
[EventDate "2018.01.11"]
[EventType "swiss"]
[EventRounds "5"]
[EventCountry "CAN"]

1. Nf3 d5 2. g3 Nf6 3. Bg2 c6 4. O-O g6 5. b3 Bg7 6. Bb2 O-O 7. c4 b6 8. d3 Bb7
9. Nbd2 Nbd7 10. Qc2 Rc8 11. Rac1 Re8 12. Ne5 Nxe5 13. Bxe5 Nd7 14. Bxg7 Kxg7
15. Qb2+ Kg8 16. cxd5 cxd5 17. b4 e5 18. Rxc8 Qxc8 19. Rc1 Qb8 20. Bh3 Qd6 21.
Qa3 a6 22. Qa4 b5 23. Qa5 Nb6 24. Nb3 e4 25. Nc5 Qc7 26. Qa3 exd3 27. exd3 Bc8
28. Bg2 Qa7 29. Qb2 Qe7 30. h4 Bf5 31. Qd2 Qe2 32. Rc2 Qe5 33. Rc1 Qe2 34. Qxe2
Rxe2 35. a3 Ra2 36. Nxa6 Rxa3 37. Nc7 Bxd3 38. Nxd5 Nxd5 39. Bxd5 Ra7 40. Rc5
Kf8 41. Kg2 Ke7 42. Kf3 Kd6 43. Ke3 Bf1 44. Kd4 Ra4 45. Rc6+ Kd7 46. Kc5 Be2
47. Bxf7 Bf3 48. Rd6+ Kc7 49. Rf6 Be2 50. Bd5 Ra3 51. Rf7+ Kd8 52. Kd6 Ke8 53.
Re7+ 1-0

[Event "Montcalm 4 2017-18"]
[Site "Quebec CAN"]
[Date "2018.02.01"]
[Round "4"]
[White "Cournoyer, Dominic"]
[Black "Gaulin, Gaetan"]
[Result "1-0"]
[WhiteElo "1962"]
[BlackElo "1949"]
[PlyCount "73"]
[EventDate "2018.01.11"]
[EventType "swiss"]
[EventRounds "5"]
[EventCountry "CAN"]

1. c4 Nf6 2. Nc3 c5 3. Nf3 g6 4. g3 Bg7 5. Bg2 O-O 6. d4 cxd4 7. Nxd4 Nc6 8.
O-O Nxd4 9. Qxd4 d6 10. Qh4 Qa5 11. Bd2 Qh5 12. Qxh5 gxh5 13. Rac1 Bd7 14. b3
Bc6 15. Nd5 Bxd5 16. cxd5 Rfc8 17. e4 Kf8 18. f3 Ke8 19. Be3 a6 20. Bh3 Nd7 21.
Bf5 h6 22. Kg2 Bb2 23. Rxc8+ Rxc8 24. Bxd7+ Kxd7 25. Bxh6 e6 26. dxe6+ fxe6 27.
Rf2 Bc1 28. Bxc1 Rxc1 29. h4 Ke7 30. Rd2 e5 31. g4 hxg4 32. fxg4 Re1 33. Kf3
Rh1 34. h5 Rh3+ 35. Kg2 Re3 36. h6 Rxe4 37. h7 1-0

[Event "Montcalm 4 2017-18"]
[Site "Quebec CAN"]
[Date "2018.02.01"]
[Round "4"]
[White "Dube, Daniel"]
[Black "Chabot, Sebastien"]
[Result "1-0"]
[WhiteElo "1906"]
[BlackElo "1284"]
[PlyCount "91"]
[EventDate "2018.01.11"]
[EventType "swiss"]
[EventRounds "5"]
[EventCountry "CAN"]

1. d4 d5 2. c4 Nf6 3. cxd5 Nxd5 4. Nf3 e6 5. e4 Bb4+ 6. Bd2 Bxd2+ 7. Qxd2 Nf6
8. Nc3 c5 9. Bb5+ Nc6 10. d5 a6 11. dxc6 Qxd2+ 12. Nxd2 axb5 13. cxb7 Bxb7 14.
Nxb5 O-O 15. f3 Rfd8 16. O-O-O Rxa2 17. Na3 Ra1+ 18. Ndb1 Rc8 19. Rd2 g5 20. b3
c4 21. bxc4 g4 22. Kb2 Rxa3 23. Nxa3 Ba6 24. Rc1 Rb8+ 25. Ka2 Rb4 26. c5 Kg7
27. c6 Ne8 28. c7 Nxc7 29. Rxc7 Bf1 30. Rc1 Ba6 31. Rb1 Ra4 32. Kb3 Ra5 33. Kb4
Rg5 34. f4 Rh5 35. g3 Bc8 36. Rc1 Ba6 37. e5 Kg6 38. Nc4 Bb7 39. Nd6 Bd5 40.
Ne8 Rf5 41. Nf6 Bf3 42. Rc8 h5 43. Rdd8 h4 44. Rg8+ Kh6 45. Rh8+ Kg7 46. Rcg8#
1-0

[Event "Montcalm 4 2017-18"]
[Site "Quebec CAN"]
[Date "2018.02.01"]
[Round "4"]
[White "Hines, Jason"]
[Black "Garcia Casillas, Carlos"]
[Result "1-0"]
[WhiteElo "1442"]
[BlackElo "1769"]
[PlyCount "47"]
[EventDate "2018.01.11"]
[EventType "swiss"]
[EventRounds "5"]
[EventCountry "CAN"]

1. e4 c5 2. d4 cxd4 3. c3 dxc3 4. Bc4 e6 5. Nxc3 Nc6 6. Nf3 Qc7 7. O-O Nf6 8.
Bb3 a6 9. a3 Bc5 10. Re1 Ng4 11. Re2 Nd4 12. e5 Nxe2+ 13. Qxe2 Nxf2 14. Kf1 O-O
15. Ne4 Nxe4 16. Qxe4 Qc6 17. Qh4 Re8 18. Ba4 b5 19. Bc2 d5 20. Qxh7+ Kf8 21.
Bg5 f6 22. exf6 Re7 23. Qh8+ Kf7 24. Ne5# 1-0

[Event "Montcalm 4 2017-18"]
[Site "Quebec CAN"]
[Date "2018.02.01"]
[Round "4"]
[White "Pare, Marc"]
[Black "Lessard, Claude"]
[Result "1-0"]
[WhiteElo "2003"]
[BlackElo "2152"]
[PlyCount "77"]
[EventDate "2018.01.11"]
[EventType "swiss"]
[EventRounds "5"]
[EventCountry "CAN"]

1. e4 c5 2. c3 Nf6 3. d3 e5 4. f4 d6 5. Nf3 Bg4 6. Be2 Bxf3 7. Bxf3 Nc6 8. f5
b5 9. Be3 Be7 10. Nd2 Nd7 11. O-O O-O 12. Kh1 Bg5 13. Bg1 Bh6 14. Re1 b4 15.
Nf1 Nb6 16. Ne3 a5 17. a3 bxc3 18. bxc3 Qd7 19. f6 g6 20. Bg4 Qd8 21. Qf3 Bg5
22. Rf1 a4 23. Rab1 Rb8 24. Rxb6 Rxb6 25. Nd5 Rb3 26. Be3 Bxe3 27. Qxe3 Kh8 28.
Qc1 Qb8 29. Bd7 Qb7 30. Bxc6 Qxc6 31. Ne7 Qa8 32. Kg1 Qb8 33. Qh6 Rg8 34. Rf3
Qf8 35. Qg5 Rb1+ 36. Kf2 h6 37. Rh3 Kh7 38. Nxg8 Kxg8 39. Rxh6 1-0